| 000 | 00923nam a2200217 4500 | ||
|---|---|---|---|
| 001 | 122601 | ||
| 003 | ES-MaACL | ||
| 005 | 20240206203242.0 | ||
| 007 | t| | ||
| 008 | 070214s1975 sp r ||||1| spa d | ||
| 110 | 2 |
_aInstituto de España. _bCátedra Ramón y Cajal. _94875 |
|
| 245 | 1 | 0 |
_aProblemas actuales de genética humana _b: simposio celebrado en la Real Academia Nacional de Medicina los días 27 y 28 de noviembre de 1975 / _ceditores: J. Botella Llusiá y L. Izquierdo Góngora. |
| 260 |
_aMadrid : _bInstituto de España, _c1976. |
||
| 300 |
_a261 p. : _bil. ; _c20 cm. |
||
| 500 | _aII Simposio organizado por la Cátedra Ramón y Cajal del Instituto de España. | ||
| 700 | 1 |
_aBotella Llusiá, José, _d1912-2002 _930758 |
|
| 700 | 1 |
_aIzquierdo Góngora, Luis. _965726 |
|
| 710 | 2 |
_aReal Academia Nacional de Medicina (España) _96344 |
|
| 852 |
_aES-MaACL _jL-229 _bR.100989 |
||
| 999 |
_c122601 _d122601 |
||